00971nam a22001937a 4500003000400000020001800004082001300022100002100035245005200056250000800108260002800116300000800144650001600152653026200168942001600430952015800446952015800604999001500762SGT a9788120349490 a657, NAR aNARAYANASWAMY R. aFINANCIAL ACCOUNTING :A MANAGERIAL PERSPECTIVE  a5TH aNEW DELHI bPHI c 2015 a650 aACCOUNTING  a.Accounting and Economic Decisions, Processing Transactions, Measuring Income, Accounting for Merchandising Transactions, Inventories, Fixed Assets, Investments, Liabilities, Shareholders’ Equity, Financial Statement Analysis, Cash Flow Statement. 2ddccFCM02 00102ddc4070aSSSLbSSSLcTXTd2016-06-21eKIRTI PRAKASHAN g595.00iSGTUl2o657, NARpCM1289r2023-12-08 00:00:00s2023-11-14w2015-01-20yFCMk3241 00102ddc4070aSSSLbSSSLcTXTd2016-06-21eKIRTI PRAKASHAN g595.00iSGTUl1o657, NARpCM1290r2025-12-27 00:00:00s2025-08-30w2015-01-20yFCMk3241 c9167d9167